<?xml version="1.0" encoding="UTF-8"?>
<record
    xmlns:xsi="http://www.w3.org/2001/XMLSchema-instance"
    xsi:schemaLocation="http://www.loc.gov/MARC21/slim http://www.loc.gov/standards/marcxml/schema/MARC21slim.xsd"
    xmlns="http://www.loc.gov/MARC21/slim">

  <leader>01653    a2200253   4500</leader>
  <controlfield tag="001">2162214035926770</controlfield>
  <controlfield tag="003">UA-OsUOA</controlfield>
  <controlfield tag="005">20260506112530.0</controlfield>
  <controlfield tag="008">260506b        gw ||||| |||| 00| f ger d</controlfield>
  <datafield tag="020" ind1=" " ind2=" ">
    <subfield code="a">398040630x</subfield>
  </datafield>
  <datafield tag="040" ind1=" " ind2=" ">
    <subfield code="a">UA-OsUOA</subfield>
    <subfield code="b">ger</subfield>
    <subfield code="c">UA-OsUOA</subfield>
    <subfield code="d">UA-OsUOA</subfield>
  </datafield>
  <datafield tag="041" ind1=" " ind2=" ">
    <subfield code="a">ger</subfield>
  </datafield>
  <datafield tag="080" ind1=" " ind2=" ">
    <subfield code="a">821.112.2(477)</subfield>
  </datafield>
  <datafield tag="090" ind1=" " ind2=" ">
    <subfield code="a">821.112.2(477)</subfield>
    <subfield code="b">L60</subfield>
  </datafield>
  <datafield tag="245" ind1=" " ind2=" ">
    <subfield code="a">Letzter Besuch in Tschornobyl</subfield>
    <subfield code="b">Ukrainische Erz&#xE4;hler der Gegenwart</subfield>
    <subfield code="c">Auswahl und &#xDC;bersetzuns Anna-Halja Horbatsch</subfield>
  </datafield>
  <datafield tag="260" ind1=" " ind2=" ">
    <subfield code="a">Kranichfeld</subfield>
    <subfield code="a">Marburg</subfield>
    <subfield code="b">Kranichfelder Vergal</subfield>
    <subfield code="c">1994</subfield>
  </datafield>
  <datafield tag="300" ind1=" " ind2=" ">
    <subfield code="a">216 s.</subfield>
  </datafield>
  <datafield tag="520" ind1=" " ind2=" ">
    <subfield code="a">Diese Anthologie ist eine der wichtigsten Sammlungen zeitgen&#xF6;ssischer ukrainischer Prosa, die nach der Unabh&#xE4;ngigkeit der Ukraine im deutschen Sprachraum erschienen ist. Der Titel bezieht sich auf die Nuklearkatastrophe von 1986, die als tiefes Trauma und Wendepunkt im kollektiven Bewusstsein der Nation thematisiert wird. Das Buch versammelt Erz&#xE4;hlungen f&#xFC;hrender ukrainischer Autoren (u. a. Juri Andruchowytsch, Walerij Schewtschuk, Jewhen Huzalo), die den gesellschaftlichen Umbruch, die Suche nach Identit&#xE4;t und die &#xF6;kologische Zerst&#xF6;rung reflektieren.
Das Werk diente als literarische Br&#xFC;cke, die dem westlichen Publikum erstmals die "Generation Tschornobyl" und die Vielfalt der modernen ukrainischen Literatur jenseits sowjetischer Dogmen vorstellte.</subfield>
  </datafield>
  <datafield tag="650" ind1=" " ind2=" ">
    <subfield code="a">821 &#x425;&#x443;&#x434;&#x43E;&#x436;&#x43D;&#x44F; &#x43B;&#x456;&#x442;&#x435;&#x440;&#x430;&#x442;&#x443;&#x440;&#x430; &#x43E;&#x43A;&#x440;&#x435;&#x43C;&#x438;&#x43C;&#x438; &#x43C;&#x43E;&#x432;&#x430;&#x43C;&#x438; &#x456; &#x43C;&#x43E;&#x432;&#x43D;&#x438;&#x43C;&#x438; &#x441;&#x456;&#x43C;'&#x44F;&#x43C;&#x438;</subfield>
    <subfield code="9">17</subfield>
  </datafield>
  <datafield tag="700" ind1="1" ind2=" ">
    <subfield code="a">Horbatsch A.-H.</subfield>
    <subfield code="9">25188</subfield>
  </datafield>
  <datafield tag="942" ind1=" " ind2=" ">
    <subfield code="c">BK</subfield>
    <subfield code="2">udc</subfield>
  </datafield>
  <datafield tag="955" ind1=" " ind2=" ">
    <subfield code="a">3</subfield>
  </datafield>
  <datafield tag="999" ind1=" " ind2=" ">
    <subfield code="c">580647</subfield>
    <subfield code="d">580647</subfield>
  </datafield>
  <datafield tag="952" ind1=" " ind2=" ">
    <subfield code="0">0</subfield>
    <subfield code="1">0</subfield>
    <subfield code="2">udc</subfield>
    <subfield code="4">0</subfield>
    <subfield code="7">0</subfield>
    <subfield code="8">C_Shevchuk_V.</subfield>
    <subfield code="a">101</subfield>
    <subfield code="b">101</subfield>
    <subfield code="d">2026-05-06</subfield>
    <subfield code="e">&#x410;&#x43A;&#x442; &#x2116;24/28.04.2026</subfield>
    <subfield code="g">25.00</subfield>
    <subfield code="i">169903</subfield>
    <subfield code="l">0</subfield>
    <subfield code="o">821.112.2(477) L60</subfield>
    <subfield code="p">169903</subfield>
    <subfield code="r">2026-05-06 11:27:06</subfield>
    <subfield code="v">25.00</subfield>
    <subfield code="w">2026-05-06</subfield>
    <subfield code="y">BK</subfield>
  </datafield>
</record>
